header

The globalisation challenge for European higher education : (Record no. 124938)

MARC details
000 -LEADER
fixed length control field 02039nam a22004331i 4500
001 - CONTROL NUMBER
control field ebr10767519
003 - CONTROL NUMBER IDENTIFIER
control field CaPaEBR
006 - FIXED-LENGTH DATA ELEMENTS--ADDITIONAL MATERIAL CHARACTERISTICS--GENERAL INFORMATION
fixed length control field m o d
007 - PHYSICAL DESCRIPTION FIXED FIELD--GENERAL INFORMATION
fixed length control field cr cn|||||||||
008 - FIXED-LENGTH DATA ELEMENTS--GENERAL INFORMATION
fixed length control field 130617s2013 gw a ob 001 0 eng d
020 ## - INTERNATIONAL STANDARD BOOK NUMBER
International Standard Book Number 9783653025989 (e-book)
Cancelled/invalid ISBN 9783631639085 (print)
040 ## - CATALOGING SOURCE
Original cataloging agency CaPaEBR
Language of cataloging eng
Description conventions rda
-- pn
Transcribing agency CaPaEBR
035 ## - SYSTEM CONTROL NUMBER
System control number (OCoLC)858975538
043 ## - GEOGRAPHIC AREA CODE
Geographic area code e------
050 14 - LIBRARY OF CONGRESS CALL NUMBER
Classification number LA628
Item number .G56 2013eb
082 04 - DEWEY DECIMAL CLASSIFICATION NUMBER
Classification number 378.4
Edition number 23
245 04 - TITLE STATEMENT
Title The globalisation challenge for European higher education :
Remainder of title convergence and diversity, centres and peripheries /
Statement of responsibility, etc Pavel Zgaga, Ulrich Teichler, John Brennan (eds.).
264 #1 - PRODUCTION, PUBLICATION, DISTRIBUTION, MANUFACTURE, AND COPYRIGHT NOTICE
Place of production, publication, distribution, manufacture Frankfurt am Main ;
-- New York :
Name of producer, publisher, distributor, manufacturer Peter Lang Edition,
Date of production, publication, distribution, manufacture, or copyright notice 2013.
300 ## - PHYSICAL DESCRIPTION
Extent 1 online resource (391 pages) :
Other physical details illustrations.
336 ## - CONTENT TYPE
Content type term text
Source rdacontent
337 ## - MEDIA TYPE
Media type term computer
Source rdamedia
338 ## - CARRIER TYPE
Carrier type term online resource
Source rdacarrier
490 1# - SERIES STATEMENT
Series statement Higher education research and policy (HERP) ;
Volume number/sequential designation 4
504 ## - BIBLIOGRAPHY, ETC. NOTE
Bibliography, etc Includes bibliographical references and index.
588 ## - SOURCE OF DESCRIPTION NOTE
Source of description note Description based on print version record.
590 ## - LOCAL NOTE (RLIN)
Local note Electronic reproduction. Palo Alto, Calif. : ebrary, 2013. Available via World Wide Web. Access may be limited to ebrary affiliated libraries.
650 #0 - SUBJECT ADDED ENTRY--TOPICAL TERM
Topical term or geographic name as entry element Education and globalization
Geographic subdivision Europe.
Topical term or geographic name as entry element Education, Higher
Geographic subdivision Europe.
Topical term or geographic name as entry element Higher education and state
Geographic subdivision Europe.
655 #0 - INDEX TERM--GENRE/FORM
Genre/form data or focus term Electronic books.
700 1# - ADDED ENTRY--PERSONAL NAME
Personal name Brennan, John,
Dates associated with a name 1947-
Personal name Teichler, Ulrich.
Personal name Zgaga, Pavel.
776 08 - ADDITIONAL PHYSICAL FORM ENTRY
Display text Print version:
Title Globalisation challenge for European higher education : convergence and diversity, centres and peripheries.
Place, publisher, and date of publication Frankfurt am Main : Peter Lang Edition, 2013
Physical description 389 pages : illustrations ; 24 cm.
Series data for related item Higher education research and policy ; v4.
International Standard Book Number 9783631639085
Record control number (DLC) 2013016085
797 2# - LOCAL ADDED ENTRY--CORPORATE NAME (RLIN)
Corporate name or jurisdiction name as entry element ebrary.
830 #0 - SERIES ADDED ENTRY--UNIFORM TITLE
Uniform title Higher education research and policy ;
Volume number/sequential designation 4.
856 40 - ELECTRONIC LOCATION AND ACCESS
Uniform Resource Identifier <a href="http://site.ebrary.com/lib/rucke/Doc?id=10767519">http://site.ebrary.com/lib/rucke/Doc?id=10767519</a>
Public note An electronic book accessible through the World Wide Web; click to view

No items available.

© 2026 Rongo University
Contact us: librarian | system librarian | Rongo university